ARRUPE JESUIT UNIVERSITY

CORONAVIRUS -STOP THE SPREAD - CLEAN,DISINFECT,COVER

Getting to know the general : (Record no. 120455)

MARC details
000 -LEADER
fixed length control field 01117cam a2200313 a 4500
001 - CONTROL NUMBER
control field 501678
003 - CONTROL NUMBER IDENTIFIER
control field ARRUPE
005 - DATE AND TIME OF LATEST TRANSACTION
control field 20140502143121.0
008 - FIXED-LENGTH DATA ELEMENTS--GENERAL INFORMATION
fixed length control field 850212s1984 enk 000 0beng
010 ## - LIBRARY OF CONGRESS CONTROL NUMBER
LC control number 85117328
020 ## - INTERNATIONAL STANDARD BOOK NUMBER
International Standard Book Number 0370308085 :
Terms of availability £8.95
040 ## - CATALOGING SOURCE
Original cataloging agency DLC
Transcribing agency DLC
Modifying agency DLC
043 ## - GEOGRAPHIC AREA CODE
Geographic area code ncpn---
050 00 - LIBRARY OF CONGRESS CALL NUMBER
Classification number F1567.T68
Item number G73 1984
051 ## - LIBRARY OF CONGRESS COPY, ISSUE, OFFPRINT STATEMENT
Classification number F1567.T68
Item number G73 1984
Copy information Copy 2.
082 00 - DEWEY DECIMAL CLASSIFICATION NUMBER
Classification number 972.87/052/0924
-- B
Edition number 19
300 ## - PHYSICAL DESCRIPTION
Dimensions 23 cm.
100 1# - MAIN ENTRY--PERSONAL NAME
Personal name Greene, Graham,
Dates associated with a name 1904-1991.
9 (RLIN) 10050
245 10 - TITLE STATEMENT
Title Getting to know the general :
Remainder of title the story of an involvement /
Statement of responsibility, etc Graham Greene.
260 ## - PUBLICATION, DISTRIBUTION, ETC. (IMPRINT)
Place of publication, distribution, etc London :
Name of publisher, distributor, etc Bodley Head,
Date of publication, distribution, etc 1984.
300 ## - PHYSICAL DESCRIPTION
Extent 223 p. ;
600 10 - SUBJECT ADDED ENTRY--PERSONAL NAME
Personal name Torrijos, Omar,
Dates associated with a name 1929-1981
General subdivision Friends and associates.
9 (RLIN) 10051
600 10 - SUBJECT ADDED ENTRY--PERSONAL NAME
Personal name Greene, Graham,
Dates associated with a name 1904-1991
General subdivision Friends and associates.
9 (RLIN) 10052
650 #0 - SUBJECT ADDED ENTRY--TOPICAL TERM
Topical term or geographic name as entry element Heads of state
Geographic subdivision Panama
Form subdivision Biography.
9 (RLIN) 10053
650 #0 - SUBJECT ADDED ENTRY--TOPICAL TERM
Topical term or geographic name as entry element Generals
Geographic subdivision Panama
Form subdivision Biography.
9 (RLIN) 10054
651 #0 - SUBJECT ADDED ENTRY--GEOGRAPHIC NAME
Geographic name Panama
General subdivision Politics and government
Chronological subdivision 1946-1981.
9 (RLIN) 10055
651 #0 - SUBJECT ADDED ENTRY--GEOGRAPHIC NAME
Geographic name Panama
General subdivision Politics and government
Chronological subdivision 1981-
9 (RLIN) 10056
906 ## - LOCAL DATA ELEMENT F, LDF (RLIN)
a 7
b cbc
c orignew
d 3
e ncip
f 19
g y-gencatlg
942 ## - ADDED ENTRY ELEMENTS (KOHA)
Source of classification or shelving scheme Library of Congress Classification
Koha item type Monograph ( Printed materials)
Holdings
Withdrawn status Lost status Source of classification or shelving scheme Damaged status Not for loan Collection code Home library Current library Shelving location Date acquired Total Checkouts Full call number Barcode Date last seen Price effective from Koha item type
    Library of Congress Classification     Main Collection ARRUPE LIBRARY ARRUPE LIBRARY Main Collection 02/05/2014   F1567.T68 G73 1984 46500001593 04/04/2018 02/05/2014 Monograph ( Printed materials)

 

Arrupe Library. PO Box MP320 Mt Pleasant, Harare, Zimbabwe
263 242 745411|librarian@aju.ac.zw